| 000 | 00814cam a22002535a 4500 | ||
|---|---|---|---|
| 999 |
_c10550 _d10550 |
||
| 003 | EG-ScBUE | ||
| 005 | 20201128013502.0 | ||
| 008 | 090201t2008 nyu f d 000 0 eng d | ||
| 020 | _a9788086880464 | ||
| 040 |
_aEG-ScBUE _beng _erda _cEG-ScBUE _dEG-ScBUE |
||
| 082 | 0 | 4 |
_a423 _bPRA _222 |
| 245 | 0 | 0 |
_aPractical dictionary : _bbuild your vocabulary : improve your English. |
| 264 | 1 |
_aNew York : _bReader's Digest Association Far East Limited, _c[1998] |
|
| 264 | 4 | _cc 1998 | |
| 300 |
_a1088 pages ; _c29 cm |
||
| 336 |
_2rdacontent _atext _btxt |
||
| 337 |
_2rdamedia _aunmediated _bn |
||
| 338 |
_2rdacarrier _avolume _bnc |
||
| 590 | _amahmoud sami | ||
| 650 | 7 |
_aEnglish language _vDictionaries. _2BUEsh _91912 |
|
| 653 |
_bHHUUEENN _cAugust2018 |
||
| 655 |
_vReading book _934232 |
||
| 942 |
_2ddc _cREFERENCE |
||